000 00450nam a2200169Ia 4500
003 GCL
008 140319s9999 xx 000 0 eng d
040 _aGCL /
_cGCL
082 0 4 _a620.00452
_bC M
100 1 _aCARTER, A.D.S
245 1 0 _aMECHANICAL RELIABILITY AND DESIGN /
_cCARTER, A.D.S
260 _a[S.N] :
_bA.D.S CARTER ،
_c1997
300 _a199 P
650 0 4 _aالتحليل الرياضى
650 0 4 _aRELIABILITY
942 _2ddc
_cBK
999 _c16064
_d16064